| 000 | 00363 a2200133 4500 | ||
|---|---|---|---|
| 005 | 20250318082834.0 | ||
| 020 | _a0 434 91509 2 | ||
| 082 | _a658.848 PAL | ||
| 100 | _aPALIWODA, S. J. | ||
| 245 | _aInternational Marketing | ||
| 260 | _bHeinemann Professional Publishing | ||
| 300 |
_axii, 308p.: ill.; figure, map, table _bIndex, reference _c23cm. |
||
| 942 |
_2ddc _cBKS |
||
| 999 |
_c859 _d859 |
||